00836nam a2200241 a 4500001001000000005001700010008004100027041000800068044000800076050002400084100002400108245011500132260004400247300004600291500003400337500002500371500000900396504003200405650005500437650002500492650004000517710003700557BRCA_289520190320204023.0111208s1936----nyua---###---#000-0#eng-# aeng anyu 4aNK9403b.M39 1 19361 aMay, Florence Lewis10aCatalogue of Laces and Embroideriesbin the collection of the Hispanic Society of AmericacFlorence Lewis May. aNueva YorkbOrder of the Trusteesc1936 axxxiii, 147 p.bil., 49 láminasc20 cm. aIncluye índice alfabético aEjemplar igual a M23 aAA38 aBibliografía : p. 131-13514aEncajesvCatálogosxColeccionistas y colecciones14aBordadovCatálogos14aGalerías y museoszEstados Unidos2 aThe Hispanica Society of America